Normal view
MARC view
- تاليف المشني، يوسف
Entry Personal Name
001 - CONTROL NUMBER
- control field: 64397
003 - CONTROL NUMBER IDENTIFIER
- control field: JO-AjAnu
005 - DATE AND TIME OF LATEST TRANSACTION
- control field: 20230606084515.0
008 - FIXED-LENGTH DATA ELEMENTS
- fixed length control field: 230606|| aca||aabn | a|a d
040 ## - CATALOGING SOURCE
- Original cataloging agency: JO-AjAnu
- Transcribing agency: JO-AjAnu
100 ## - HEADING--PERSONAL NAME
- Personal name: تاليف المشني، يوسف
670 ## - SOURCE DATA FOUND
- Source citation: Work cat.: (JO-AjAnu)32832: تاليف المشني، يوسف, author, مبادئ علم الاحياء الدقيقة، ج1